| 000 | 01006nam a22003375i 4500 | ||
|---|---|---|---|
| 001 | 21605654 | ||
| 003 | NUST | ||
| 005 | 20220607121659.0 | ||
| 008 | 200709s2021 pau 000 0 eng | ||
| 010 | _a 2020941978 | ||
| 020 |
_a9780702079665 _q(paperback) |
||
| 020 |
_z9780702079672 _q(ebook) |
||
| 038 | _aMuzammil | ||
| 040 |
_aDLC _beng _erda _cDLC |
||
| 042 | _apcc | ||
| 082 |
_a616.042 _bTUR |
||
| 100 | 1 |
_aTurnpenny, Peter, _eauthor. _992039 |
|
| 245 | 1 | 0 |
_aEmery's elements of medical genetics and genomics / _cPeter Turnpenny, Sian Ellard, Ruth Cleaver. |
| 250 | _a16. | ||
| 263 | _a2102 | ||
| 264 | 1 |
_aPhiladelphia : _bElsevier, Inc, _c2021. |
|
| 300 | _aix,435,p.; | ||
| 336 |
_atext _btxt _2rdacontent |
||
| 337 |
_aunmediated _bn _2rdamedia |
||
| 338 |
_avolume _bnc _2rdacarrier |
||
| 700 | 1 |
_aEllard, Sian, _eauthor. _992040 |
|
| 700 | 1 |
_aCleaver, Ruth, _eauthor. _992041 |
|
| 906 |
_a0 _bibc _corignew _d2 _eepcn _f20 _gy-gencatlg |
||
| 942 |
_2ddc _cBK |
||
| 999 |
_c590140 _d590140 |
||